=LDR 00000nam 2200000 4500 =001 INLIS000000000024318 =005 20200714111040 =035 ##$$a 0010-061300000024318 =008 200714################g##########0#ind## =041 ##$$a Ind =082 ##$$a 2X6.54 =090 ##$$a 2X6.54, Ami m =100 1#$$a Amir, Najib Khalid =245 1#$$a Membentuk muslimah militan, /$c Najib Khalid Al Amir =260 ##$$a Jakarta :$b I'tishom,$c 2002 =300 ##$$a 149 hlm, ; $c 14x23 cm =650 #4$$a Wanita dalam islam =850 ##$$a NBPNMAT =020 ##$$a 979-3071-04-4 =084 ##$$a 2X6.54 AMI m =250 ##$$a cet.1 =990 ##$$a 2033446 =990 ##$$a 2033447 =990 ##$$a 2033448